000 00441nam a22001811a 4500
001 10253
003 OSt
005 20260204212152.0
008 080916s1976||||sp ||||||b||||||||||spa||
020 _a0829705546
050 _a230 L963E
100 _aLucr, Alice E.
245 _aEstudios en las evidencias cristianas / Alice E. Lucr
264 _aEstados Unidos : Vida
300 _a143 P.
650 _aCRISTIANISMOÌ
942 _2ddc
_cBK
999 _c10253
_d10253